| 000 | 00791nam a2200253 a 4500 | ||
|---|---|---|---|
| 001 | 47936 | ||
| 003 | BD-RjUL | ||
| 005 | 20211209054427.0 | ||
| 008 | 160811s1980 caua b 001 0 eng | ||
| 020 | _a0534008321 | ||
| 035 | _a(BD-RjUL)48055 | ||
| 040 |
_aDLC _cDLC _dDLC _dBD-RjUL _beng |
||
| 041 | _aeng | ||
| 082 | 0 | 0 |
_a371.26 _223 _bSAP 1980 |
| 100 | 1 | 1 |
_aSax, Gilbert. _9145469 |
| 245 | 0 | 1 |
_aPrinciples of educational and psychological measurement and evaluation / _cGilbert Sax. |
| 250 | _a2d ed. | ||
| 260 |
_aBelmont, Calif. : _bWadsworth Pub. Co., _cc1980. |
||
| 300 |
_axv, 688 p. : _bill. ; _c24 cm. |
||
| 504 | _aIncludes Bibliography and index. | ||
| 650 | 0 |
_aEducational tests and measurements _zUnited States. _9145470 |
|
| 942 |
_2ddc _cBK |
||
| 999 |
_c47936 _d47936 |
||